MDQL
is popping MORE tags! Check the
thread
!
Quizzes
Events
Quiz Creation
Community
Videos
Private Events
Remove Ads
Sign In
Join for FREE
Feedback
Dark Mode
Quiz Categories
Sports
Geography
Music
Movies
Television
Just For Fun
Miscellaneous
History
Literature
Language
Science
Gaming
Entertainment
Religion
Holiday
For Kids
Quiz Lab
Recent
Popular Today
Quiz Kudos Today
Editor Picks
Curator Picks
Quizzes by...
Day
Popularity
Type
Ratings
Length
Year
Community
Subscriptions
Recent Discussions
Orange Saloon
Badges
Playlists
Quests
Create
Leaderboards
Showdown
Live 5
Trivia Bingo
Activity
Puzzle Library
Sporcle Events
Private Events
Virtual Trivia
Globe League
Become a Host
Pub Owners
SporcleCon
Opinionation
Our Games
Videos
Blog
Mobile Apps
Partnerships
Remove Ads and Go Orange
Feedback
Science
Computer
Plants
Astronomy
Chemistry
Elements
Math
Animal
Physics
Anatomy
Biology
Geology
General Science
Science
Computer
Plants
Astronomy
Chemistry
Elements
Math
Animal
Physics
Anatomy
Biology
Geology
General Science
Random Quiz
Search Sporcle
×
Quiz Lab
Quiz Lab
Science
Type in answers that appear in a list
Type in answers that appear in a list
Classic
Best Score? Go Orange.
Hormón Stats
Can you name the Hormón
By
stibbi
6m
22 Questions
21 Plays
21 Plays
21 Plays
Comments
Comments
Give Quiz Kudos
Give Quiz Kudos
-
- Ratings
hide this ad
Forced Order
Answers have to be entered in order
Answers have to be entered in order
Random Order
Randomize order of answers
Randomize order of answers
Replay
Link that replays current quiz
Next Quiz
Link to next quiz in quiz playlist
You Got
0%
They Got
Avg Score
63%
Avg Friend Score
Upgrade to see
Score Distribution
Jump to the score distribution portion of the page
Score
0/22
Timer
06:00
0
Plays Today
Hormón
Kirtill
% Correct
Insúlín
Bris
90.5%
Estrógen og Prógesterón
Eggjastokkar
76.2%
Magi
Gastrín
76.2%
Hríðahormón/
Oxitósin
Afturhluti Heiladinguls
71.4%
Adrenalín og noradrenalín
Nýrnahettumergur
71.4%
Melatónín
Heilaköngull
66.7%
Þýroxín og Þríjoðóþýrónín
Skjaldkirtill
66.7%
Leysihormón stýrihormóna
Undirstúka
66.7%
Hömlu-
og leysihormón vaxtarhormóns
Undirstúka
66.7%
Barkstýrihormón
Framhluti heiladinguls
61.9%
Prólaktín
Framhluti heiladinguls
61.9%
Hormón
Kirtill
% Correct
Eggbússtýrihormón og Gulbússtýrihormón
Framhluti Heiladinguls
61.9%
Vaxtarhormón
Framhluti Heiladinguls
61.9%
Kalsítónín
Skjaldkirtill
61.9%
Glúkagon
Bris
61.9%
Eistu
Testósterón
61.9%
Þvagtemprandi hormón
Afturhluti heiladinguls
57.1%
Kortísól og Aldósterón
Nýrnahettubörkur
57.1%
Natríumræsihormón
Hjarta
57.1%
Dópamín
Undirstúka
47.6%
Rauðkornahormón
Nýru
47.6%
Sekretín
Garnir
47.6%
Quiz Playlist
Details
Report
Send in Message
Add To Playlist
Classic:
Type in answers that appear in a list
Forced Order:
Answers have to be entered in order
Random Order:
Randomize order of answers
Last Updated: Feb 16, 2017
Quiz Scoreboard
CHALLENGE
Sign Up to Join the Scoreboard
Show All
Scores
Hide
Comments
May contain spoilers
Recently Published
Image Sorting: Flags VI
by Barbecue
Geography
2m
Find the 'City' Movie
by crazypaving
Movies
60s
Colored Red Africa Blitz
by spor1
Geography
45s
More to Explore
Quiz From the Vault
Featured Blog Post
14 Easter Pick-up Lines to Find Eggs With
hide this ad
You Might Also Like...
Tags
This quiz does not have any tags.
Today's Top Quizzes in Science
Browse Science
hide this ad
Top Contributed Quizzes in Science
1
Windmill: Elements
2
200 Vogels in Nederland
3
Square Numbers Scrambled (1-50)
4
Elements In Images
5
Glycolysis
6
Count to 60
7
perfect squares 1-25
8
17 TIMES TABLE
9
Quick Pick: 'CI-CJ' Animals
10
4-letter Elementary Words III
Explore More
Trending Topics
Harry Potter
Crossword
NBA
Marvel
Kpop
Anime
Disney
Pokémon
WWE
Puzzle
Soccer
Song
NFL
The Office
Country
hide this ad
More By:
stibbi
Quiz
Plays
Rating
Category
Featured
Created
Landbúnaðarbyltingin
28
History
Nov 18, 2013
Úr Gylfagynningu
21
Religion
Feb 12, 2015
Hormón
21
Science
Nov 12, 2014
Um land allt: Suðurland
10
Geography
Nov 26, 2013
Smá stjörnumerki
9
Miscellaneous
Feb 5, 2015
Go to Creator's Profile
Score Distribution
Quiz Creator Spotlight
stibbi
Follow
Send a Message
Quizzes Created
-
Created Quiz Play Count
-
More By This Creator
Popular Quizzes Today
1
Colored Red Africa Blitz
2
Find the US States - No Outlines Minefield
3
Find the 'City' Movie
4
5x2 Blitz: Bands
5
The Countries of the World
6
Find the US States
7
Find the Countries of Europe - No Outlines Minefield
8
US States
More Science Quizzes
10-letter or Longer Elements
Published
Trending Quizzes
Colored Red Europe Blitz I
Colored Red Africa Blitz II
Colored Red Europe Blitz II
Colored Red Africa Blitz III
Colored Red Europe Blitz III
Recently Updated
How Do You Spell That?
pecheneg
Godzilla Movies
pecheneg
Grab Bag: 4-10 Letters
pecheneg
2024 March Madness Bracket
pecheneg
Famous TV Couples
Peacemaker
Champions League XIs: Real Madrid
pecheneg
Largest US Cities 1790-2010
pecheneg
Rides in Walt Disney World
pecheneg
Most Oscar Losses (Acting)
pecheneg
Beyoncé Albums
pecheneg
Trending Topics
Disney
Harry Potter
Anime
Kpop
NBA
Crossword
Marvel
NFL
Song
Pokémon
Soccer
Country
WWE
The Office
Puzzle
Your Account Isn't Verified!
In order to create a playlist on Sporcle, you need to verify the email address you used during registration. Go to your
Sporcle Settings
to finish the process.
Report this User
Report this user for behavior that violates our
Community Guidelines
.
Details:
Send Report
Go to the Sporcle.com Mobile Site →
Comments